000 00680nam a22002177a 4500
003 OSt
005 20251124151055.0
008 251124b |||||||| |||| 00| 0 eng d
020 _a0-471-69162-3.
040 _aDWCL-Main lib.
_cOC
082 _aGR. 624.20288 Y22b 2007
100 _aYanev, Bojidar
245 _aBridge management/
_cBojidar Yanev
260 _aN. J. :
_b John Wiley & Sons, Inc.,
_cc2007.
300 _axv, 656 p. :
_b ill. ;
_c24 cm.
504 _aIncludes bibliographical references and index.
650 _a1. Bridge failures-Prevention.
650 _a2. Bridges-Inspection.
650 _a3. Bridges-Maintenance & repair.
942 _2ddc
_cGR
_hGR.
_n0
999 _c6118
_d6118